[Event "Aruba"]
[Site "Aruba"]
[Date "1992.??.??"]
[Round "3"]
[White "Kindermann, Stefan"]
[Black "Polgar, Judit"]
[Result "1/2-1/2"]
[WhiteElo "2505"]
[BlackElo "2550"]
[Annotator "Anand,V"]
[PlyCount "41"]
[EventDate "1992.03.??"]
[EventType "tourn"]
[EventRounds "9"]
[EventCountry "NAU"]
[EventCategory "11"]
[SourceTitle "CBM 030"]
[Source "ChessBase"]
[SourceDate "1992.10.01"]
[SourceVersion "1"]
[SourceVersionDate "1992.10.01"]
[SourceQuality "1"]

1. e4 c5 2. Nc3 e6 3. Nf3 a6 4. d4 cxd4 5. Nxd4 Qc7 6. Bd3 b5 7. O-O Bb7 8. Re1
b4 {Extremely provocative. Had Judit been White she would certainly have
played 9.Nd5 instantly} 9. Nd5 exd5 10. exd5+ Kd8 (10... Be7 11. Nf5 Kf8 $2 12.
Rxe7 Nxe7 13. d6 $1 $18) 11. Qf3 (11. Qe2 $5 Nf6 (11... Be7 12. Nf5 $40) 12.
Bg5 Bd6 (12... Qb6 13. Qe8+ Kc7 14. Bf4+ Bd6 (14... d6 15. Qxf7+ $16) 15. Bxd6+
Kxd6 16. Nf5+ $18) 13. Qf3 Bxh2+ 14. Kh1 Be5 15. d6 $5 (15. Nf5 h6) 15... Bxf3
16. dxc7+ Bxc7 17. Nxf3 $44) (11. Qh5 {! Kindermann} g6 (11... d6 12. Bg5+ Nf6
13. Bxf6+ gxf6 14. Re3 {/\ 15.Rae1}) 12. Qe2 Be7 13. Bh6 $1 Nxh6 14. Qxe7+ Kc8
15. Qg5) 11... Nf6 12. Bg5 Qb6 13. Nc6+ (13. Nf5 h6 14. Bh4 (14. Be3 Bc5 15.
Nxg7 $44) 14... g5 15. Bg3 Bxd5 16. Qe2 Bc5) (13. c3 $1) 13... Nxc6 14. dxc6 (
14. Bxf6+ Ne7 15. Bxe7+ (15. Bh4 f6) 15... Bxe7 16. Qxf7 Qf6) 14... Bxc6 15.
Bxf6+ Kc8 16. Be4 (16. Qf4 gxf6 17. Qxf6 Rg8) 16... gxf6 17. Qxf6 Rg8 18. Qxf7
Rh8 19. Qf6 Rg8 20. Qf7 Rh8 21. Qf6 1/2-1/2

[Event "USA-ch"]
[Site "Seattle"]
[Date "2003.01.15"]
[Round "6"]
[White "Mulyar, Michael A"]
[Black "Serper, Grigory"]
[Result "1-0"]
[WhiteElo "2446"]
[BlackElo "2556"]
[Annotator "Atlas,V"]
[PlyCount "85"]
[EventDate "2003.01.09"]
[EventType "swiss"]
[EventRounds "9"]
[EventCountry "USA"]
[SourceTitle "CBM 093"]
[Source "ChessBase"]
[SourceDate "2003.04.01"]
[SourceVersion "1"]
[SourceVersionDate "2003.04.01"]
[SourceQuality "1"]

1. e4 c5 2. Nf3 e6 3. d4 cxd4 4. Nxd4 a6 5. Nc3 Qc7 6. Be2 Nf6 7. O-O Bc5 8.
Be3 d6 9. Qd3 O-O 10. Nb3 Bxe3 11. Qxe3 b5 12. a3 Bb7 13. Rad1 Nbd7 14. f4 Rfd8
15. Bf3 Rab8 16. Kh1 Nb6 17. Na5 Ba8 18. b4 Nc4 19. Nxc4 Qxc4 20. Rd3 Rbc8 21.
Rfd1 Qc7 22. h3 h6 23. R1d2 Ne8 24. Qf2 Qb8 25. Be2 Nf6 26. Bf3 Ne8 27. Ne2 Rc4
28. Ng3 Rdc8 29. f5 Qc7 30. fxe6 fxe6 31. Bh5 Bxe4 32. Nxe4 Rxe4 33. Bg6 Re5
34. Re3 Nf6 35. Rxe5 dxe5 36. Qf3 Rf8 37. Qg3 Nd5 38. Be4 Rf1+ 39. Kh2 Nf6 40.
Bf3 Qc3 $4 ({A terrible blunder elegantly refuted by White. After prudent} 
40... Rc1 {Black would keep an advantage.}) 41. Rd8+ Kh7 (41... Kf7 {falls
short to} 42. Bh5+ $1 {, winning the queen.}) {[%tqu "En","How can White use
the superior activity of his pieces?","Try to exploit the vulnerability of the
black queen.","Sacrifice your rook to deflect the black knight.","d8d7","This
brilliant rook sacrifice decides the game for White.",6]} 42. Rd7 $3 {[%csl
Rc3,Gd7,Rh7][%cal Gf3e4,Gd7h7,Gg3g7] This excellent rook sacrifice, deflecting
the black knight, wins immeditely.} Ng4+ (42... Nxd7 {loses after} 43. Be4+ {
, winning the queen.}) 43. Qxg4 (43. Qxg4 {, and Black resigned in view of
inevitable mate:} e4 44. Qxe4+ Kg8 45. Qxe6+ Kh8 46. Rd8+ Kh7 47. Be4+ Rf5 48.
Bxf5+ g6 49. Qxg6#) 1-0

[Event "Santiago Entel Cup 2nd"]
[Site "Santiago de Chile"]
[Date "2005.03.17"]
[Round "5"]
[White "Lopez Silva, Hugo Andres"]
[Black "Hellsten, Johan"]
[Result "0-1"]
[WhiteElo "2386"]
[BlackElo "2554"]
[Annotator "Atlas,V"]
[PlyCount "50"]
[EventDate "2005.03.15"]
[EventType "tourn"]
[EventRounds "13"]
[EventCountry "CHI"]
[EventCategory "9"]
[SourceTitle "CBM 106"]
[Source "ChessBase"]
[SourceDate "2005.06.06"]
[SourceVersion "1"]
[SourceVersionDate "2005.06.06"]
[SourceQuality "1"]

1. e4 c5 2. Nf3 e6 3. d4 cxd4 4. Nxd4 a6 5. Nc3 b5 6. g3 Bb7 7. Bg2 Ne7 8. O-O
Nec6 9. e5 Qc7 10. Re1 Nxd4 11. Bxb7 Qxb7 12. Qxd4 Nc6 13. Qf4 Be7 14. Be3 $6 (
14. Qg4 g6 (14... O-O 15. Bh6) 15. Bh6 {was a better choice. war eine bessere
Wahl.}) 14... O-O 15. Ne4 f6 $1 16. exf6 Bxf6 17. Nxf6+ Rxf6 18. Qd6 Rf5 $1 19.
Bf4 $2 (19. f4 {was to be preferred. war vorzuziehen.}) 19... Rd5 $1 20. Qa3 $2
(20. Qc7 {was more tenacious. leistete mehr Widerstand.}) 20... Nd4 21. Qd3 Rf8
(21... Rc8 {was more convincing: war überzeugender:} 22. c3 (22. Rac1 Nxc2)
22... Nb3 {, and Black is winning. und Schwarz gewinnt.}) 22. Re4 $2 ({A
decisive mistake. Essential was Ein entscheidender Fehler. Erforderlich war} 
22. Qe4 {, and , wonach} e5 {is met by mit} 23. Rad1 {beantwortet werden kann.}
) {[%tqu "En","White's last move looks quite reasonable, but in fact it's a
very bad slip. How would you punish White for it?","Exploit the weakness of
the f3-square.","Use your e-pawn!","e6e5","This is a nice refutation of
White's careless last move.",4,"De","Der letzte weiße Zug sieht ganz
vernünftig aus, ist aber tatsächlich ein schwerer Fehlgriff. Wie würden Sie
den Anziehenden dafür bestrafen?","Schlagen Sie Kapital aus der Schwäche des
Feldes f3.","Setzen Sie Ihren e-Bauern ein!","e6e5","Eine hübsche Widerlegung
des leichtsinnigen weißen Zuges.",4]} 22... e5 $1 {[%csl Rd3,Gd4,Rf3,Rf4,Gf8]
Severely punishing White's mistake. Now the game is over. Legt sofort den
Finger auf die Wunde. Damit ist die Partie vorbei.} 23. c4 (23. Bxe5 {loses
after verliert nach} Nf3+) (23. Rxe5 {fails to scheitert an} Rxe5 24. Qxd4 (24.
Bxe5 Nf3+) 24... Re2) 23... bxc4 24. Qxc4 Rc8 25. Qa4 (25. Qd3 {falls short of
hilft nicht wegen} Nc2 {, and White suffers huge material losses. und Weiß
erleidet gewaltige Materialverluste.}) 25... Rd6 {The shortest way to the
victory. der kürzeste Gewinnweg.} (25... Rd6 {and White resigned in view of
und Weiß gab auf wegen} 26. Bxe5 ({If falls} 26. Rxe5 {then , so} Nf3+ 27. Kf1
Nxe5 28. Bxe5 Re6 {followed by 29...Qh1+ nebst 29...Qh1+} 29. f4) 26... Qxe4
27. Bxd6 Nf3+ {, winning the queen. mit Damengewinn.}) 0-1

[Event "Wotulo Memorial"]
[Site "Jakarta"]
[Date "2001.04.02"]
[Round "13"]
[White "Juswanto, Denny"]
[Black "Miezis, Normunds"]
[Result "1-0"]
[WhiteElo "2487"]
[BlackElo "2532"]
[Annotator "Atlas,V"]
[PlyCount "79"]
[EventDate "2001.03.23"]
[EventType "tourn"]
[EventRounds "13"]
[EventCountry "INA"]
[EventCategory "8"]
[SourceTitle "CBM 083"]
[Source "ChessBase"]
[SourceDate "2001.07.05"]
[SourceVersion "1"]
[SourceVersionDate "2001.07.05"]
[SourceQuality "1"]

1. e4 c5 2. Nf3 e6 3. d4 cxd4 4. Nxd4 a6 5. Nc3 Qc7 6. Bd3 Nc6 7. Nb3 Bd6 8.
Qg4 Kf8 9. f4 Bb4 10. O-O Nh6 11. Qh5 f6 12. Be3 Nf7 13. Rad1 Be7 14. a3 b5 15.
Ne2 Na5 16. Nxa5 Qxa5 17. c3 Qc7 18. Bc2 Bb7 19. Nd4 Qc8 20. Nb3 g6 21. Qe2 Qc7
22. Qf2 Nd6 23. Bb6 Qc8 24. e5 Nf5 25. Bc5 fxe5 26. fxe5 h5 27. Bxe7+ Kxe7 28.
Nc5 Bd5 29. b4 Qf8 30. Bxf5 $1 gxf5 (30... Qxf5 {is elegantly refuted by} 31.
Qd2 Qxe5 32. Rfe1 Qd6 33. Qxd5 $1 $18) 31. Qh4+ Ke8 {[%tqu "En","How to
continue White's attack?","It would be great if your knight could come to d6...
","To attain this goal, try to eliminate Black's most active piece.","d1d5",
"This efficient blow entirely destroys Black's position. Now Black's king is
doomed.",7]} 32. Rxd5 $3 {[%csl Re8][%cal Gc5b7,Gb7d6]} exd5 33. Nb7 Qe7 (33...
Rh6 {does not help:} 34. Nd6+ Rxd6 35. exd6 Qxd6 36. Qxh5+ Kd8 37. Qh8+ {
, winning.}) 34. Nd6+ Kd8 (34... Kf8 35. Rxf5+) 35. Nf7+ Ke8 36. Nd6+ Kd8 37.
Qd4 {[%cal Gd4b6] Threatening 38.Qb6#.} Qh7 38. Qb6+ Ke7 39. Nxf5+ Kf8 40. Qf6+
(40. Qf6+ Kg8 (40... Ke8 41. Nd6#) 41. Nh6+ Qxh6 42. Qf7#) 1-0

[Event "USA-ch"]
[Site "Seattle"]
[Date "2003.01.15"]
[Round "6"]
[White "Shahade, Gregory P"]
[Black "Kriventsov, Stanislav G"]
[Result "1-0"]
[WhiteElo "2452"]
[BlackElo "2438"]
[Annotator "Atlas,V"]
[PlyCount "47"]
[EventDate "2003.01.09"]
[EventType "swiss"]
[EventRounds "9"]
[EventCountry "USA"]
[SourceTitle "CBM 093"]
[Source "ChessBase"]
[SourceDate "2003.04.01"]
[SourceVersion "1"]
[SourceVersionDate "2003.04.01"]
[SourceQuality "1"]

1. e4 c5 2. Nf3 e6 3. d4 cxd4 4. Nxd4 a6 5. Nc3 b5 6. Bd3 Qb6 7. Nb3 Qc7 8. f4
b4 9. Ne2 Bb7 10. Ned4 Nf6 11. Qe2 Be7 12. O-O Nc6 13. Kh1 O-O 14. Nxc6 dxc6
15. e5 Nd7 16. Be4 g6 17. Qf3 Rac8 18. Be3 a5 19. Rfd1 a4 $6 (19... Rfd8 {
was to be preferred.}) 20. Na5 $1 Nxe5 $2 ({This careless move is convincingly
refuted by White. Better was} 20... Qxa5 21. Rxd7 Rc7) 21. fxe5 Qxa5 22. Rd7 $1
{[%csl Rb7,Re7][%cal Gd7b7,Gd7e7]} Rc7 {[%tqu "En","White's attack needs extra
power. How can White fuel it up?","Exploit the weakness of the dark squares on
Black's kingside.","Eliminate the key defender of the black king.","d7e7",
"That's it! Now the game is over.",4]} 23. Rxe7 $1 {The winning move,
exploiting the weakness of the dark squares f6, g7, and h6.} f5 ({Or} 23...
Rxe7 24. Qf6 Rd7 25. Bh6 {, winning.}) 24. exf6 1-0

[Event "Asia-ch 5th"]
[Site "Hyderabad"]
[Date "2005.10.13"]
[Round "7"]
[White "Sareen, Vishal"]
[Black "Mahjoob, Morteza"]
[Result "1-0"]
[WhiteElo "2375"]
[BlackElo "2418"]
[Annotator "Atlas,V"]
[PlyCount "73"]
[EventDate "2005.10.05"]
[EventType "swiss"]
[EventRounds "9"]
[EventCountry "IND"]
[SourceTitle "CBM 110"]
[Source "ChessBase"]
[SourceDate "2006.01.31"]
[SourceVersion "1"]
[SourceVersionDate "2006.01.31"]
[SourceQuality "1"]

1. e4 c5 2. Nf3 e6 3. d4 cxd4 4. Nxd4 a6 5. Nc3 b5 6. Bd3 Qb6 7. Nb3 Qc7 8. O-O
Nf6 9. f4 b4 10. Ne2 Bb7 11. Ng3 h5 12. Qe2 h4 13. Nh1 a5 14. Nf2 Na6 15. Be3
Nc5 16. Nxc5 Bxc5 17. Bxc5 Qxc5 18. Kh1 g5 (18... d6 {deserves attention here.
The text move does not seem to be the best choice for Black.}) 19. fxg5 Qxg5
20. Nh3 $1 Qe5 21. Rf4 $1 {This strong move, increasing pressure on the black
knight, gives White a durable advantage.} Ng8 22. Raf1 f6 23. Bb5 $1 Rh7 24.
Rd1 O-O-O 25. Ba6 $1 {Again the best continunation. Exchanging the key
defender of the black king, White develops a very dangerous attack on the
queenside.} Ne7 26. a3 Nc6 27. axb4 axb4 28. c3 Kc7 29. Bxb7 Kxb7 30. cxb4 Rc8
(30... Nxb4 {is strongly met by} 31. Rf3 $1 {with the idea 32.Rb3.}) 31. Qf2
Rc7 32. Rf3 Qxe4 33. b5 Ne5 (33... Na7 {falls short of} 34. Rf4 Qc2 35. Qf3+ d5
36. Rxf6) 34. Ra3 $1 {Now White's attack becomes irresisitble.} Rc2 35. Ra7+
Kc8 {[%tqu "En","Black seems to have a dangerous initiative. Yet, White can
exploit a weak position of the enemy king and decide the game in his favor. Do
you see how?","Exploit a shaky position of Black's c2-rook.","Try to deflect
the black queen.","a7a8","",3]} 36. Ra8+ $1 {[%csl Ga8,Rc2,Rh7] This simple
move shatters Black's last illustions.} Kc7 ({Or} 36... Qxa8 37. Qxc2+ Kd8 38.
Qxh7 {, and White is a rook up.}) 37. Qa7+ 1-0

[Event "Guillermo Garcia Memorial-A 08th"]
[Site "Santa Clara"]
[Date "2000.06.07"]
[Round "12"]
[White "Perez Garcia, Rodney Oscar"]
[Black "Mateo, Ramon"]
[Result "1-0"]
[WhiteElo "2472"]
[BlackElo "2408"]
[Annotator "Baburin,A"]
[PlyCount "49"]
[EventDate "2000.05.24"]
[EventType "tourn"]
[EventRounds "13"]
[EventCountry "CUB"]
[EventCategory "9"]
[SourceTitle "CBM 078"]
[Source "ChessBase"]
[SourceDate "2000.10.18"]
[SourceVersion "1"]
[SourceVersionDate "2000.10.18"]
[SourceQuality "1"]

1. e4 c5 2. Nf3 e6 3. Nc3 a6 4. d4 cxd4 5. Nxd4 b5 6. Bd3 Bb7 7. O-O d6 8. Qe2
Nf6 9. f4 Be7 10. a3 g6 $2 {Perhaps Black was preparing ...e6-e5, but this
idea is faulty, as Black is seriously falling behind in development.} (10...
Nbd7 $5) (10... O-O $5) 11. Nf3 $1 {White prepares to break the centre with
the e4-e5 thrust.} Nbd7 (11... e5 12. fxe5 dxe5 13. Bh6 $5) 12. e5 dxe5 13.
fxe5 Ng4 14. Be4 Qb6+ (14... Bxe4 15. Nxe4 Ngxe5 16. Nxe5 Nxe5 17. Bh6 {
might be risky for Black, but that was still a better option than what Black
chose in the game.}) 15. Kh1 Rc8 $2 {Black neglects the development at his
peril.} 16. Bxb7 Qxb7 17. Bg5 $5 Qc7 18. Rad1 (18. Bxe7 Kxe7 19. Rae1) 18...
Bxg5 (18... Ndxe5 $142 19. Bxe7 Kxe7 20. h3 h5) 19. Nxg5 Ngxe5 {[%tqu "En",
"How can White take advantage of his lead in development?","Go after the enemy
king and try to break his pawn shield.","Bring your queen into the action!",
"f1f7","This is yet another of the thousands of successful blows on this
square!",3,"g5f7","",0]} 20. Rxf7 $1 $18 (20. Nxf7 $2 O-O $1) 20... Qc4 21. Qf2
Qc5 22. Qf4 Rf8 23. Nce4 Rxf7 24. Nxf7 Qxc2 25. Ned6+ 1-0

[Event "Schlechter Memorial"]
[Site "Vienna"]
[Date "1996.??.??"]
[Round "9"]
[White "Balinov, Ilia"]
[Black "Palos, Osman"]
[Result "1-0"]
[WhiteElo "2385"]
[BlackElo "2335"]
[Annotator "Balinov,I"]
[PlyCount "97"]
[EventDate "1996.10.10"]
[EventType "swiss"]
[EventRounds "9"]
[EventCountry "AUT"]
[SourceTitle "CBM 055 Extra"]
[Source "ChessBase"]
[SourceDate "1997.01.01"]
[SourceVersion "1"]
[SourceVersionDate "1997.01.01"]
[SourceQuality "1"]

1. e4 c5 2. Nf3 e6 3. d4 cxd4 4. Nxd4 a6 5. Nc3 Qc7 6. Be2 Nf6 7. O-O Bb4 (7...
Nc6 8. Be3 Bb4 9. Na4) (7... d6 {Scheveningen}) 8. Bg5 {Alternativen sind} (8.
Qd3) (8. Bd2) 8... Bxc3 (8... Nc6 9. Nxc6 bxc6 10. Qd4 Bd6 11. Kh1 $14 {/+/-})
9. Bxf6 gxf6 (9... Bxb2 $2 10. Bxg7 $16) 10. bxc3 Qxc3 11. Rb1 Nc6 12. Nxc6 $1
dxc6 {Auf} (12... Qxc6 {folgt} 13. Qd4 $1 {und Schwarz hat Probleme auf den
schwarzen Feldern.}) 13. Rb3 Qe5 {In der Partie Tal-Haman, 1966, folgte an
dieser Stelle} 14. f4 {Zu erwägen war auch} (14. Qd2 $5 {/\ 15. Rd1}) 14...
Qc5+ {Natürlich nicht} (14... Qxe4 15. Bf3 {nebst 16. Qd6}) 15. Kh1 b5 16. Rd3
Qe7 $8 (16... Ke7 $2 17. Qe1 {/\ 18.Qh4, e4-e5; 18. Qd2, 19. Rfd1}) 17. f5 $5
e5 (17... Ra7 18. fxe6 (18. e5 $5) 18... Bxe6 19. Qa1 {X}) 18. Qd2 {/\ 19. Rd1,
19.Qh6} Ra7 $8 (18... Bd7 19. Rd1 O-O-O 20. Rd6 {und Schwarz ist paralisiert.})
19. Rd1 $1 Rd7 20. Rxd7 $1 Bxd7 {[#]} (20... Qxd7 21. Qh6) 21. c4 $3 {Bevor
Weiß am feindlichen Königsflügel eindringt, legt er erst den schwarzen
Damenflügel fest.} Bc8 22. Qh6 Rg8 23. Qxh7 Qf8 24. Qh4 Qe7 25. Qf2 $1 {
Nach getaner Arbeit wendet sich die Dame dem geschwächten Damenflügel zu.
Selbstverständlich nicht} (25. c5 {wegen} Qxc5 26. Qxf6 Bd7 27. Rxd7 Kxd7 28.
Qxf7+ Kd6 {und nun verbietet sich} 29. Qxg8 {wegen} Qc1+) 25... bxc4 {Anders
war der positionellen Drohung 26. c4-c5 nicht zu begegnen.} 26. Qb6 Kf8 $8 27.
Qd8+ {Die Abwicklung ins Endspiel stellt die einfachste Gewinnführung dar.}
Qxd8 28. Rxd8+ Kg7 29. Rxg8+ Kxg8 30. Bxc4 a5 31. Kg1 c5 32. Kf2 Bb7 33. Ke3
Kg7 34. Kd3 Bc6 35. Ke3 {Zwecks Verkürzung der Zugzahl bis zur Zeitkontrolle.}
Ba4 36. Kd2 Bc6 37. Bd3 Bb7 38. Kc3 Kh6 39. h4 Kh5 40. g3 Kh6 41. Kb3 {Das
Einsickern des Königs ist nun nicht länger zu verhindern.} Bc6 42. Kc4 Ba4 43.
Be2 Bc2 44. Bf3 a4 45. Kxc5 Bb3 {Ein letzter Trick.} (45... Bb3 46. axb3 a3 $19
) 46. a3 Kg7 47. Kb4 Kh6 48. Kc3 {/\ Kd1, Bf3-d1+-} Ba2 49. Bd1 (49. Bd1 Bb1
50. Bc2 $18) 1-0

[Event "FIDE-Wch k.o."]
[Site "Groningen"]
[Date "1997.12.10"]
[Round "1.3"]
[White "Nijboer, Friso"]
[Black "Glek, Igor Vladimirovich"]
[Result "1/2-1/2"]
[WhiteElo "2605"]
[BlackElo "2505"]
[Annotator "Bangiev,A"]
[PlyCount "117"]
[EventDate "1997.12.09"]
[EventType "k.o."]
[EventRounds "7"]
[EventCountry "NED"]
[SourceTitle "CBM 063"]
[Source "ChessBase"]
[SourceDate "1998.03.26"]
[SourceVersion "1"]
[SourceVersionDate "1998.03.26"]
[SourceQuality "1"]

1. e4 c5 2. Nf3 a6 3. Nc3 e6 4. d4 cxd4 5. Nxd4 b5 6. Bd3 Qb6 7. Nb3 Qc7 8. O-O
Bb7 9. Qe2 d6 10. a4 b4 11. Na2 Nf6 {/\12...d5} (11... Nc6 12. Bd2 a5 13. c3
bxc3 14. Nxc3 Nf6 15. Nb5 $36) 12. Bf4 $5 {dies soll 12...d5 verhindern} (12.
Nxb4 $5 d5 13. e5 (13. Bd2 dxe4 (13... Bd6 14. exd5 $5) 14. Bc4 Bd6 $132) 13...
Nfd7 (13... Bxb4 14. exf6 gxf6 15. Be3 $14) 14. Bd2 Nxe5 (14... Qxe5 15. Na5
$36) 15. Bf4 Bd6 16. Rfe1 Nxd3 (16... Nf3+ 17. Qxf3 Bxf4 18. Nxd5 $16) 17. Bxd6
Qxd6 18. Nxd3 Nd7 19. Na5 $14) 12... Nc6 13. a5 $5 Be7 (13... Nxa5 $6 14. Nxb4
Nxb3 15. cxb3 Qb6 16. Nxa6 $16) 14. c3 $5 bxc3 15. Nxc3 O-O 16. Rfc1 $5 {
/\17.Na4} (16. Na4 $6 Nxa5) 16... Qd8 (16... Rfc8 {/\Qd8} 17. Na4 (17. Nc5 $2
Nd4) 17... Nd7 18. Nbc5 Nd4 19. Qf1 $5 $36 {[%cal Yf1e2,Yc5a6,Yd3a6]}) 17. Rd1
$5 {/\18.e5} (17. Na4 $6 Nxa5) 17... Nd7 18. Be3 Nce5 19. Bb1 Rb8 $5 $132 {
[%cal Yb8b2]} 20. Nd2 $5 {/\b2-b4-b5 bzw.Nc4-b6} Re8 21. f4 $5 Ng6 22. Nc4 d5
$5 (22... Qc7 $142 $14) 23. exd5 exd5 24. Nxd5 Bxd5 25. Rxd5 Qc7 {[%cal Ye8e3,
Yc7c4,Yb8b2,Yg6f4]} 26. Bxg6 $1 hxg6 27. Rad1 $16 {[%cal Yd5d7]} Nf6 28. Re5
Qc6 29. Nb6 Bd6 30. Rxe8+ Rxe8 {[%cal Re7e3]} 31. Qc4 (31. Qd3 $2 Rxe3 32. Qxe3
Bc5 33. Rd4 Ng4 $19) 31... Qxc4 32. Nxc4 Bxf4 $6 (32... Bb4 33. g3 $16) 33.
Bxf4 Re4 34. b3 (34. Ne5 $1 Rxf4 35. Rd8+ Kh7 36. Nxf7 $18) 34... Rxf4 35. Rd6
Re4 36. Rxa6 $18 Ng4 {[%cal Ye4e1]} 37. g3 Re2 38. Ra8+ Kh7 39. h3 (39. a6 $6
Nxh2 40. a7 Nf3+ 41. Kf1 Ra2 $14) 39... Nh2 40. a6 Nf3+ 41. Kf1 Ra2 42. a7 Nd4
43. Rd8 $6 (43. b4 $5 {[%cal Yc4a5] /\44.Na5} Ra6 (43... Nc6 44. Na5 $18) 44.
Ne5 $5 {/\Nf7 gefolgt von Rh8 und a8Q} g5 $1 45. Nxf7 Kg6 46. Nd6 $5 (46. Ne5+
Kh7) 46... Nc6 47. b5 Rxa7 48. Rxa7 Nxa7 49. b6 Nc6 50. Kf2 $18) (43. Ne5 g5
44. Nxf7 Kg6 45. Ne5+ Kh7 $16) 43... Ra1+ $1 44. Kf2 Ra2+ 45. Nd2 (45. Nb2
Rxb2+ 46. Ke1 Ra2 47. a8=Q Rxa8 48. Rxa8 Nxb3 $14) (45. Ke1 Nf3+ $11) 45...
Nxb3 46. a8=Q Rxa8 47. Rxa8 Nxd2 48. Ke3 (48. Ra4 f5 49. Ke3 Ne4 50. Rxe4 fxe4
51. Kxe4 Kh6 52. Ke5 Kh5 $11) 48... Nc4+ 49. Kd4 Nd6 50. g4 f6 {/\g5,Kg6,Nf7
mit Ausgleich} 51. Rf8 Nb5+ (51... g5 52. Kd5 Nb5 53. Rb8 Nc3+ 54. Kd4 Ne2+ (
54... Nd1 $2 55. Rb3 $18) 55. Ke4 Kg6 (55... Nf4 56. h4 $16) (55... Ng3+ $2 56.
Kf3) 56. Rb2 Nf4 57. h4 $16) 52. Kc5 (52. Kd5 Nc3+ (52... g5 53. Rc8 Kg6 54.
Rc5 Na3 55. Kd4 $18) 53. Ke6 Ne4 54. h4 Nf2 55. g5 fxg5 56. hxg5 Ne4 57. Rf4
Nxg5+ 58. Ke7 Kg8 $11) 52... Nc3 53. Re8 f5 54. Kd4 Ne4 55. Rxe4 fxe4 56. Kxe4
g5 57. Ke5 Kg6 58. Ke6 Kh7 59. Kf5 1/2-1/2

[Event "Hoogovens"]
[Site "Wijk aan Zee"]
[Date "1998.01.26"]
[Round "9"]
[White "Salov, Valery"]
[Black "Nijboer, Friso"]
[Result "1/2-1/2"]
[WhiteElo "2680"]
[BlackElo "2580"]
[Annotator "Bangiev,A"]
[PlyCount "37"]
[EventDate "1998.01.16"]
[EventType "tourn"]
[EventRounds "13"]
[EventCountry "NED"]
[EventCategory "17"]
[SourceTitle "CBM 063"]
[Source "ChessBase"]
[SourceDate "1998.03.26"]
[SourceVersion "1"]
[SourceVersionDate "1998.03.26"]
[SourceQuality "1"]

1. e4 c5 2. Ne2 e6 3. d4 cxd4 4. Nxd4 a6 5. Nc3 b5 6. Bd3 Qb6 7. Nb3 Qc7 8. Bg5
$146 Bb7 9. Qe2 Nc6 (9... b4 $5 10. Nd1 (10. Na4 $2 Bc6 (10... Qc6 $17) 11.
Nac5 (11. Nbc5 Qa5 $19) 11... a5 $1 $17) (10. Nb1 Qe5 11. Bc1 (11. f4 $5) 11...
Nf6 12. f4 Qc7 13. e5 Nd5 $132) 10... Ne7 11. O-O (11. Bh4 $5) 11... Ng6 12.
Re1 Bd6 $13) (9... Ne7 10. Bh4 $5) 10. Bh4 (10. O-O h6 (10... Bd6 11. f4 $5 $13
) 11. Bh4 (11. Bd2 Nf6 $132) 11... g5 $5 12. Bg3 Bd6 {/\Ng8-e7-g6 -> e5} 13.
Bxd6 Qxd6 14. Rad1 Qe5 15. g3 Nf6 16. f4 gxf4 17. gxf4 Rg8+ 18. Kh1 Qc7 $13)
10... Nf6 $5 11. Bg3 d6 12. O-O Be7 13. a4 $5 (13. Rad1 O-O $132) 13... b4 {
[%cal Yd3a6]} 14. Nb1 O-O 15. a5 g6 $5 {/\Nh5!} (15... Rfe8 16. N1d2 Bf8 17.
Rfd1 $14 {[%cal Yg3d6,Yd2c4,Yc4d6,Yc4b6,Yd1d6]}) 16. Bf4 (16. N1d2 Nh5 $15)
16... Rfe8 (16... Nh5 17. Bh6 Rfe8 18. c3 (18. f4 Bf6 $132) 18... Bf6 $132) 17.
N1d2 (17. c3 Nh5 (17... e5 $6 18. Bg5 d5 19. Bxf6 dxe4 $1 20. Bxe4 Bxf6 21. Nc5
$14) 18. Bd2 bxc3 19. Nxc3 Nb4 $5 $15) 17... Nh5 18. Bh6 Bf6 $5 $132 19. g4
1/2-1/2